Normal view
MARC view
- Alvi, Parvej Ahmad
Entry Personal Name
001 - CONTROL NUMBER
- control field: 111988
003 - CONTROL NUMBER IDENTIFIER
- control field: NUST
005 - DATE AND TIME OF LATEST TRANSACTION
- control field: 20230427104421.0
008 - FIXED-LENGTH DATA ELEMENTS
- fixed length control field: 230427|| aca||aabn | a|a d
040 ## - CATALOGING SOURCE
- Original cataloging agency: NUST
- Transcribing agency: NUST
100 ## - HEADING--PERSONAL NAME
- Personal name: Alvi, Parvej Ahmad
670 ## - SOURCE DATA FOUND
- Source citation: Work cat.: (NUST): Alvi, Parvej Ahmad , MEMS Pressure Sensors : , 2012.
